Score 0/18 Timer 03:00
0 Plays Today
% Correct
bend
98.8%
send
98.2%
mend
95.9%
lend
95.2%
tend
94.4%
fend
93.6%
rend
87.5%
wend
84.8%
trend
78.9%
% Correct
blend
78.3%
vend
77.4%
friend
70%
spend
57.9%
penned
35.7%
denned
21.5%
scend
17.6%
yenned
16.5%
blende
2.8%
Remove Ads.
Support Sporcle.
Get the best of Sporcle when you Go Orange. This ad-free experience offers more features, more stats, and more fun while also helping to support Sporcle. Thank you for becoming a member.

You're not logged in!

Compare scores with friends on all Sporcle quizzes.
OR
Log In

Show Comments

Extras

Top Quizzes Today


Score Distribution

Your Account Isn't Verified!

In order to create a playlist on Sporcle, you need to verify the email address you used during registration. Go to your Sporcle Settings to finish the process.

Report this User

Report this user for behavior that violates our Community Guidelines.

Details: